| 000 | 01601cam a22004814i 4500 | ||
|---|---|---|---|
| 003 | PE-LiUPU | ||
| 005 | 20250731173006.0 | ||
| 008 | 150623s r 000 0 d | ||
| 020 | _a0310201233 | ||
| 035 | _a(Sirsi) i9780310201236 | ||
| 040 |
_aPE-LiUPU _bspa _cPE-LiUPU _erda |
||
| 049 | _aPRUA | ||
| 082 | 0 | 4 |
_a259.2 _bB75L _221 |
| 100 | 1 |
_aBoshers, Bo, _eautor. |
|
| 245 | 1 | 0 |
_aCreative programs for life-changing camps and retreats; everything you need to lead / _cBo Boshers. |
| 264 | 1 |
_aGrand Rapids, Michigan : _bZondervan Publishing House, _c1998. |
|
| 300 |
_a187 páginas : _bilustraciones, gráficos ; _c28 centímetros |
||
| 336 |
_atext _2rdacontent |
||
| 337 |
_aunmediated _2rdamedia |
||
| 338 |
_avolume _2rdacarrier |
||
| 490 | 0 | _aStudent Impact Resources | |
| 505 | 0 | _aCamps. -Retreats. -Appendix. | |
| 526 | _aSEG42 | ||
| 526 | _aSEG41 | ||
| 526 | _aSEG40 | ||
| 526 | _aSEG39 | ||
| 526 | _aP94 | ||
| 526 | _aP87 | ||
| 526 | _aP86 | ||
| 526 | _aP85 | ||
| 526 | _aP77 | ||
| 526 | _aP76 | ||
| 526 | _aP35 | ||
| 650 | 0 | 4 | _aCampamentos de iglesia. |
| 650 | 0 | 4 | _aRetiros espirituales. |
| 650 | 0 | 4 | _aTrabajo de iglesia con adolescentes. |
| 942 |
_2ddc _cBOOK |
||
| 949 |
_a259.2 B75L _wDEWEY _c1 _i45746 _lCCODEBUL1 _mBUL _r0 _sY _tBOOK _u2015-6-24 _xTEOLOGIA _PP35 _0COMPRA _o.STAFF. Colección General |
||
| 994 |
_aC0 _bPEPRU |
||
| 596 | _a1 | ||
| 999 |
_a259.2 B75L _wDEWEY _c22614 _i45746 _f2021-11-10 _g5 _lCCODEBUL1 _mBUL _r0 _sY _tBOOK _u2015-6-24 _xTEOLOGIA _PP35 _0COMPRA _o.STAFF. Colección General _d22614 |
||
| 980 |
_81 _gALBERTO SANCHEZ Responsable de Automatización |
||